2025 NFL Awards - Statistics

General Stats
  • This quiz has been taken 141 times
  • The average score is 9 of 13
Answer Stats
Award Player % Correct
Most Valuable Player Josh Allen
100%
Art Rooney Award Josh Allen
100%
Hall of Famer Eric Allen
92%
Hall of Famer Jared Allen
92%
Rookie of the Year Jayden Daniels
88%
Offensive Player of the Year Saquon Barkley
88%
Jim Brown Award Saquon Barkley
88%
Defensive Player of the Year Patrick Surtain II
76%
Comeback Player of the Year Joe Burrow
65%
Walter Payton Man of the Year Arik Armstead
36%
Hall of Famer Sterling Sharpe
22%
Hall of Famer Antonio Gates
20%
Coach of the Year Kevin O’Connell
19%
No matching quizzes found
Score Distribution
Percent of People with Each Score
Percentile by Number Answered
Your Score History
You have not taken this quiz